Poznaj piłkarza po jego transferach #3 - Statystyki

Ogólne statystyki
  • Ten quiz został rozwiązany 39 razy
    25 od ostatniego zresetowania
  • Średni wynik to 2 z 5
Statystyki odpowiedzi
Transfer Piłkarz % Poprawnych
Santos - NY Cosmos - KONIEC KARIERY Pele
74%
AC Milan - Dijon - AC Milan - Lille - AC Milan - Monaco - AC Milan - Saint-Etienne - BVB - Arsenal - FC Barcelona - Arsenal - Chelsea FC Aubameyang
61%
Ajax - Arsenal Timber
43%
Toulouse - Valencia - FC Barcelona - Sporting - PAUZA - Luynes Mathieu
30%
Real Madryt - Calgiari - Real Betis - Athletico Madryt - Sporting CP Adan
22%
Nie znaleziono quizów pasujących do podanych kryteriów
Rozkład punktacji
Procent ludzi z każdym wynikiem
Percentyl według liczby udzielonych odpowiedzi
Twoja historia wyników
Nie rozwiązałeś tego quizu od ostatniego zresetowania